| 000 | 00974 a2200217 4500 | ||
|---|---|---|---|
| 999 |
_c5594 _d5594 |
||
| 020 | _a0072448482 (acidfree paper) | ||
| 050 | 0 | 0 | _aQC21.3 BEI 2003 |
| 100 | 1 | _aBeiser, Arthur. | |
| 245 | 1 | 0 |
_aConcepts of modern physics / _cArthur Beiser. |
| 250 | _a6th ed. | ||
| 264 |
_aNew Delhi: _bTata McGraw-Hill Publishing Company Limited, _c2003 |
||
| 300 |
_a542 p. : _bill. (some col.) ; |
||
| 500 | _aIncludes Index | ||
| 504 | _aIncludes bibliographical references (p. 525-527) and index. | ||
| 650 | 0 | _aPhysics. | |
| 856 | 4 | 2 |
_3Publisher description _uhttp://www.loc.gov/catdir/description/mh021/2001044743.html |
| 856 | 4 | 1 |
_3Table of contents _uhttp://www.loc.gov/catdir/toc/mh021/2001044743.html |
| 856 | 4 | 2 |
_3Contributor biographical information _uhttp://www.loc.gov/catdir/enhancements/fy0737/2001044743-b.html |
| 942 |
_2lcc _cBK _e6th _h21.3 _iBEI _kQC |
||